<?xml version="1.0" encoding="UTF-8"?>
<marc:record xmlns:marc="http://www.loc.gov/MARC21/slim">
   <marc:leader>00000nam a2200000 a 4500</marc:leader>
   <marc:datafield ind1="1" ind2=" " tag="100">
      <marc:subfield code="a">Dusse, Karsten</marc:subfield>
      <marc:subfield code="4">aut</marc:subfield>
      <marc:subfield code="e">Verfasser/-in</marc:subfield>
   </marc:datafield>
   <marc:datafield ind1=" " ind2=" " tag="653">
      <marc:subfield code="a">Humoristische Darstellung</marc:subfield>
   </marc:datafield>
   <marc:datafield ind1="0" ind2="0" tag="245">
      <marc:subfield code="a">Achtsam morden</marc:subfield>
   </marc:datafield>
   <marc:datafield ind1="0" ind2="0" tag="245">
      <marc:subfield code="b">das Übungsbuch nach der Joschka-Breitner-Methode</marc:subfield>
   </marc:datafield>
   <marc:datafield ind1="0" ind2="0" tag="245">
      <marc:subfield code="c">Karsten Dusse</marc:subfield>
   </marc:datafield>
   <marc:datafield ind1=" " ind2="1" tag="264">
      <marc:subfield code="a">München</marc:subfield>
      <marc:subfield code="b">Heyne</marc:subfield>
   </marc:datafield>
   <marc:datafield ind1=" " ind2=" " tag="250">
      <marc:subfield code="a">Originalausgabe</marc:subfield>
   </marc:datafield>
   <marc:datafield ind1="1" ind2=" " tag="520">
      <marc:subfield code="a">Angaben aus der Verlagsmeldung

Achtsam morden – Das Übungsbuch nach der Joschka-Breitner-Methode / von Karsten Dusse

Entdecke 160 neue Seiten an dir!

Natürlich gibt es Alternativen: Um Ihr Leben zu verbessern, können Sie auch den YouTube-Kanal eines selbst ernannten Lifestyle-Coaches abonnieren, einen Handletteringkurs besuchen oder motivierende Sprüche rahmen und über dem Wohnzimmersofa aufhängen. Wenn Sie die Prinzipien der Achtsamkeit aber auf ganz besondere Art erklärt bekommen möchten, führt an „Achtsam Morden für jedermann. Das Praxisbuch“ kein Weg vorbei. In zahlreichen lebensnahen Übungen macht der beliebte Therapeut Joschka Breitner die Prinzipien der Achtsamkeit so anschaulich, dass von der Kindergärtnerin bis zum Mafiaboss jeder etwas damit anfangen kann. Garantiert.

</marc:subfield>
   </marc:datafield>
   <marc:datafield ind1=" " ind2=" " tag="020">
      <marc:subfield code="a">9783453425637</marc:subfield>
      <marc:subfield code="9">9783453425637</marc:subfield>
   </marc:datafield>
   <marc:datafield ind1=" " ind2=" " tag="020">
      <marc:subfield code="a">3453425634</marc:subfield>
      <marc:subfield code="9">3453425634</marc:subfield>
   </marc:datafield>
   <marc:datafield ind1=" " ind2=" " tag="041">
      <marc:subfield code="a">ger</marc:subfield>
   </marc:datafield>
   <marc:datafield ind1=" " ind2=" " tag="300">
      <marc:subfield code="a">175 Seiten</marc:subfield>
   </marc:datafield>
</marc:record>
